Times por Escudo - Liga Pro 24/25 (Bélgica) - Statistics

Estatísticas Gerais
  • Esse quiz foi jogado 28 vezes
  • A pontuação média é 9 de 16
Estatísticas das Respostas
Imagem Resposta % Correto
Genk
96%
Anderlecht
92%
Club Brugge
92%
Gent
85%
Antwerp
73%
Charleroi
73%
Cercle Brugge
62%
Standard Liège
62%
Union Saint-Gilloise
58%
Mechelen
46%
Westerlo
35%
Leuven
27%
Sint-Truiden
23%
Beerschot
19%
Kortrijk
15%
Dender
12%
Nenhum quiz correspondente encontrado
Distribuição das Pontuações
Porcentagem de Pessoas com Cada Pontuação
Percentil de Números Respondidos
Sua Pontuação Histórica
Você não jogou esse quiz